| 000 | 00894cam a2200253 i 4500 | ||
|---|---|---|---|
| 005 | 20160124100807.0 | ||
| 008 | 000405s2000 maua b 001 0 eng | ||
| 020 | _a0697006433 | ||
| 040 |
_aDLC _cDLC _dDLC _dCO-BoIAVH |
||
| 041 | _aeng | ||
| 042 | _apcc | ||
| 082 | 0 | 4 |
_a599 _bM37m |
| 100 | 1 |
_aMartin, Robert Eugene, _d1944- |
|
| 245 | 1 | 2 |
_aA manual of mammalogy : _bwith keys to families of the world / _cRobert E. Martin, Ronald H. Pine, Anthony F. DeBlase. |
| 250 | _aTercera edición | ||
| 260 |
_aBoston : _bMcGraw Hill, _cc2001. |
||
| 300 |
_axv, 333 páginas : _bilustraciones ; _c28 cm. |
||
| 650 | 1 | 4 | _aMamíferos |
| 650 | 2 | 4 |
_aMamíferos _vIdentificación. |
| 700 | 1 |
_aPine, Ronald H., _eautor. |
|
| 700 | 1 |
_aDeBlase, Anthony F., _eautor. |
|
| 856 | 4 | 1 |
_3Tabla de contenido _uhttp://www.loc.gov/catdir/toc/mh021/00039414.html |
| 942 |
_2ddc _cLIBRO |
||
| 999 |
_c4985 _d4985 |
||